000 00253nam a22001217a 4500
041 _aENG
100 _aHall.C.W
245 _aDrying Farm Crops
260 _aLudhiana
_bLyall Book Depot
_c1970
300 _a336
650 _aAPE
856 _uAPE ( 10 )
999 _c1793
_d1793